000 00683cam a22002413a 4500
001 13343
003 PGUSA
005 20140828083304.0
008 040831s2004||||xxu|||||s|||||000 1 eng d
040 _aPGUSA
_beng
042 _adc
050 4 _aPS
100 1 _aAnderson, Ada Woodruff,
_d1860-
245 1 4 _aThe Rim of the Desert
_h[electronic resource] /
_cAda Woodruff Anderson
260 _bProject Gutenberg,
_c2004
506 _aPublic domain in the USA.
516 _aElectronic text
653 _aWashington (State) -- Fiction
653 _aAuthors -- Fiction
830 0 _aProject Gutenberg
_v13343
856 4 0 _uhttp://www.gutenberg.org/ebooks/13343
942 _cEB
999 _c242598
_d242598